[Event "16MCR_F"]
[Site "?"]
[Date "2004.??.??"]
[Round "?"]
[White "Boukal, Petr"]
[Black "Mezera, Lukas"]
[Result "1/2-1/2"]
[WhiteElo "2435"]
[BlackElo "2260"]
[PlyCount "58"]
[EventDate "2004.04.27"]
[EventType "corr"]
[EventRounds "1"]
[SourceDate "2004.04.27"]

1. e4 e5 2. Bc4 Nf6 3. d3 c6 4. Nf3 Be7 5. O-O d6 6. Re1 O-O 7. Nbd2 Nbd7 8. a3
Nc5 9. Ba2 Re8 10. Nf1 Bf8 11. Ng3 Be6 12. b4 Bxa2 13. Rxa2 Ne6 14. c4 a5 15.
Qb3 Nd7 16. Be3 Nf6 17. h3 Qc7 18. Rd2 axb4 19. axb4 c5 20. b5 Qa5 21. Qd1 Qb4
22. Qe2 Ra3 23. Rb2 Qc3 24. Rd1 Nf4 25. Bxf4 exf4 26. Nf1 d5 27. e5 Nd7 28. Rc2
Qb3 29. Rb2 Qc3 1/2-1/2

[Event "16MCR_F"]
[Site "?"]
[Date "2004.??.??"]
[Round "?"]
[White "Hybl, Jaroslav"]
[Black "Viktora, Zdenek"]
[Result "1-0"]
[WhiteElo "2430"]
[BlackElo "2285"]
[PlyCount "103"]
[EventDate "2004.04.27"]
[EventType "corr"]
[EventRounds "1"]
[SourceDate "2004.04.27"]

1. d4 d5 2. c4 dxc4 3. e3 Be6 4. Na3 Bd5 5. Nxc4 e6 6. Nf3 c5 7. Be2 cxd4 8.
Qxd4 Nc6 9. Qf4 Qf6 10. Qc7 Qe7 11. Qxe7+ Bxe7 12. O-O Rd8 13. Rd1 Bf6 14. e4
Bxe4 15. Rxd8+ Kxd8 16. Nd6 Bxf3 17. Bxf3 Ke7 18. Nxb7 Nd4 19. Bd1 Be5 20. Bd2
Nh6 21. f4 Bc7 22. Rc1 Bb6 23. Kh1 Rb8 24. Bb4+ Kf6 25. Nc5 Kf5 26. h3 Rd8 27.
g3 g5 28. g4+ Kg6 29. fxg5 Kxg5 30. a4 Bxc5 31. Bxc5 Rd7 32. a5 e5 33. Ba4 Rb7
34. Re1 Kf4 35. b4 f5 36. a6 Rg7 37. g5 Nf7 38. Rf1+ Nf3 39. Bxa7 N7xg5 40. Bc5
Ne4 41. Rxf3+ Kxf3 42. Bc6 Ke2 43. a7 Rg8 44. a8=Q Rxa8 45. Bxa8 Kd3 46. Bxe4+
Kxe4 47. b5 Kd5 48. b6 Kc6 49. Kg2 Kb7 50. Kg3 Kb8 51. Kh4 f4 52. Kg4 1-0

[Event "16MCR_F"]
[Site "?"]
[Date "2004.??.??"]
[Round "?"]
[White "Dotlacil, Ladislav"]
[Black "Canibal, Jaromir"]
[Result "1/2-1/2"]
[WhiteElo "2410"]
[BlackElo "2300"]
[PlyCount "61"]
[EventDate "2004.04.27"]
[EventType "corr"]
[EventRounds "1"]
[SourceDate "2004.04.27"]

1. d4 Nf6 2. Nf3 g6 3. c4 Bg7 4. Nc3 O-O 5. e4 d6 6. Be2 e5 7. d5 a5 8. Bg5 h6
9. Bh4 Na6 10. Nd2 Bd7 11. b3 Qe8 12. a3 Nh7 13. f3 f5 14. Rb1 Nf6 15. Bf2 Nh5
16. g3 Nf6 17. O-O Nc5 18. Qc2 f4 19. g4 Qe7 20. b4 axb4 21. axb4 Na4 22. Nb5
Bxb5 23. cxb5 Nb6 24. Rfc1 Rf7 25. Ra1 Rxa1 26. Rxa1 Nfxd5 27. exd5 e4 28. Nb3
e3 29. Be1 Bxa1 30. Nxa1 Qf6 31. Nb3 1/2-1/2

[Event "16MCR_F"]
[Site "?"]
[Date "2004.??.??"]
[Round "?"]
[White "Hala, Martin"]
[Black "Priesol, Daniel"]
[Result "1/2-1/2"]
[WhiteElo "2410"]
[BlackElo "2305"]
[PlyCount "40"]
[EventDate "2004.04.27"]
[EventType "corr"]
[EventRounds "1"]
[SourceDate "2004.04.27"]

1. e4 e5 2. Nf3 Nf6 3. Nxe5 d6 4. Nf3 Nxe4 5. d4 d5 6. Bd3 Be7 7. O-O Nc6 8. c4
Nf6 9. Nc3 O-O 10. cxd5 Nxd5 11. Be4 Be6 12. Re1 Bf6 13. a3 h6 14. Qd3 Nce7 15.
Bd2 c6 16. Rad1 Re8 17. h3 Qc7 18. Ne5 Rad8 19. Qg3 Nxc3 20. Bxc3 Nf5 1/2-1/2

[Event "16MCR_F"]
[Site "?"]
[Date "2004.??.??"]
[Round "?"]
[White "Trexler, Evzen"]
[Black "Zidu, Jan"]
[Result "1/2-1/2"]
[WhiteElo "2400"]
[BlackElo "2310"]
[PlyCount "60"]
[EventDate "2004.04.27"]
[EventType "corr"]
[EventRounds "1"]
[SourceDate "2004.04.27"]

1. e4 c5 2. Nf3 d6 3. d4 cxd4 4. Nxd4 Nf6 5. Nc3 a6 6. f3 Qb6 7. Nb3 e6 8. g4
Nc6 9. Qe2 d5 10. exd5 Nb4 11. Bg5 Nfxd5 12. Nxd5 Nxd5 13. O-O-O h6 14. Bh4 Be7
15. Bxe7 Nxe7 16. Qe5 f6 17. Qh5+ g6 18. Qh4 Kf7 19. Qg3 Rd8 20. Rxd8 Qxd8 21.
Bd3 e5 22. h4 Qc7 23. g5 Bf5 24. Be4 Rc8 25. c3 fxg5 26. hxg5 h5 27. Rh4 b5 28.
Qe1 a5 29. a3 Rd8 30. Kb1 Be6 1/2-1/2

[Event "16MCR_F"]
[Site "?"]
[Date "2004.??.??"]
[Round "?"]
[White "Straka, Zdenek"]
[Black "Styblo, Pavel"]
[Result "1/2-1/2"]
[WhiteElo "2395"]
[BlackElo "2320"]
[PlyCount "42"]
[EventDate "2004.04.27"]
[EventType "corr"]
[EventRounds "1"]
[SourceDate "2004.04.27"]

1. Nf3 Nf6 2. c4 c5 3. Nc3 d5 4. cxd5 Nxd5 5. d4 Nxc3 6. bxc3 g6 7. e4 Bg7 8.
Be3 Qa5 9. Qd2 Nc6 10. Rc1 cxd4 11. cxd4 Qxd2+ 12. Kxd2 O-O 13. d5 Rd8 14. Ke1
Na5 15. Bg5 Bd7 16. Bd3 Rdc8 17. Ke2 e6 18. Rxc8+ Rxc8 19. Rc1 Rxc1 20. Bxc1
exd5 21. exd5 b5 1/2-1/2

[Event "16MCR_F"]
[Site "?"]
[Date "2004.??.??"]
[Round "?"]
[White "Masek, Jan"]
[Black "Makovsky, Petr"]
[Result "1/2-1/2"]
[WhiteElo "2365"]
[BlackElo "2325"]
[PlyCount "224"]
[EventDate "2004.04.27"]
[EventType "corr"]
[EventRounds "1"]
[SourceDate "2004.04.27"]

1. e4 e5 2. Nf3 Nc6 3. d4 exd4 4. Nxd4 Bc5 5. Nxc6 Qf6 6. Qd2 dxc6 7. Nc3 Be6
8. Na4 Rd8 9. Bd3 Bd4 10. O-O b5 11. Nc3 Nh6 12. a4 a6 13. Qf4 Ng4 14. Qxf6
Bxf6 15. axb5 axb5 16. Ra6 Bd7 17. h3 Ne5 18. Be2 O-O 19. f4 Nc4 20. e5 Be7 21.
Ne4 Ra8 22. Rxa8 Rxa8 23. b3 Nb6 24. f5 Nd5 25. c4 bxc4 26. bxc4 Nb6 27. Bd3 h6
28. e6 fxe6 29. f6 gxf6 30. Nxf6+ Bxf6 31. Rxf6 Ra1 32. Rf1 e5 33. Bxh6 Rxf1+
34. Kxf1 c5 35. Be3 Be6 36. Bxc5 Nxc4 37. g4 Na5 38. Bf2 Kf7 39. Bg3 Nc4 40.
Ke2 Kf6 41. Bh4+ Kf7 42. Bc2 Nd6 43. Bd8 c6 44. Kf3 Bd5+ 45. Kf2 Nb5 46. h4 Nd4
47. Bd1 Ne6 48. Ba5 c5 49. Kg3 c4 50. g5 Be4 51. Kg4 Nd4 52. h5 Bd3 53. Kh4 Nb5
54. g6+ Bxg6 55. hxg6+ Kxg6 56. Be2 Kf5 57. Bxc4 Nd6 58. Bd5 e4 59. Bc7 Ne8 60.
Bb8 e3 61. Kg3 e2 62. Kf2 e1=Q+ 63. Kxe1 Nf6 64. Bb7 Ke6 65. Ke2 Ne8 66. Bf3
Nd6 67. Kd3 Ke5 68. Bd1 Kd5 69. Bb3+ Kc6 70. Ba7 Nb7 71. Kd4 Nd6 72. Bd5+ Kc7
73. Ke5 Nb7 74. Bf2 Nd8 75. Be4 Nf7+ 76. Kd5 Nd8 77. Bg3+ Kb6 78. Kc4 Nb7 79.
Kb4 Nd8 80. Bf2+ Kc7 81. Kb5 Kd6 82. Bg3+ Ke6 83. Bc2 Nf7 84. Bb3+ Kf6 85. Bh4+
Kg6 86. Kc5 Ng5 87. Bc2+ Kh5 88. Bg3 Kg4 89. Bd6 Kf3 90. Kd4 Ne6+ 91. Ke5 Nf4
92. Be4+ Kg4 93. Bc7 Kg5 94. Bc2 Ng6+ 95. Kd5 Nf4+ 96. Ke4 Nh5 97. Ke5 Nf4 98.
Bd8+ Kg4 99. Ke4 Ng6 100. Bd1+ Kg3 101. Ke3 Kh3 102. Ba5 Kh4 103. Ke4 Kg5 104.
Bd8+ Kh6 105. Kf5 Nf8 106. Bf6 Nh7 107. Bb2 Nf8 108. Ba4 Ng6 109. Kf6 Nf8 110.
Bc1+ Kh5 111. Be8+ Kg4 112. Bh6 Nh7+ 1/2-1/2

[Event "16MCR_F"]
[Site "?"]
[Date "2004.??.??"]
[Round "?"]
[White "Krouzel, Jaroslav"]
[Black "Stalmach, Kamil"]
[Result "1/2-1/2"]
[WhiteElo "2360"]
[BlackElo "2360"]
[PlyCount "31"]
[EventDate "2004.04.27"]
[EventType "corr"]
[EventRounds "1"]
[SourceDate "2004.04.27"]

1. d4 d5 2. c4 e6 3. Nc3 c6 4. e3 Nf6 5. Nf3 Nbd7 6. Qc2 Bd6 7. e4 e5 8. cxd5
cxd5 9. exd5 exd4 10. Nxd4 O-O 11. Be2 Nb6 12. O-O Nbxd5 13. Nxd5 Nxd5 14. Rd1
Qe7 15. Bf3 Re8 16. g3 1/2-1/2

[Event "16MCR_F"]
[Site "?"]
[Date "2004.??.??"]
[Round "?"]
[White "Makovsky, Petr"]
[Black "Krouzel, Jaroslav"]
[Result "1/2-1/2"]
[WhiteElo "2325"]
[BlackElo "2360"]
[PlyCount "93"]
[EventDate "2004.04.27"]
[EventType "corr"]
[EventRounds "1"]
[SourceDate "2004.04.27"]

1. e4 e6 2. d4 d5 3. Nc3 Bb4 4. e5 c5 5. a3 Bxc3+ 6. bxc3 Ne7 7. Qg4 O-O 8. Bd3
f5 9. exf6 Rxf6 10. Bg5 Rf7 11. Qh5 g6 12. Qd1 Nbc6 13. Nf3 Qf8 14. O-O c4 15.
Be2 h6 16. Bd2 Nf5 17. Qc1 g5 18. Ne5 Nxe5 19. dxe5 Qg7 20. Bh5 Rf8 21. Qd1
Qxe5 22. f4 gxf4 23. Rxf4 Kh7 24. Qf3 Bd7 25. Qh3 Qf6 26. Raf1 Be8 27. Rh4 Qxh4
28. Qxh4 Nxh4 29. Rxf8 Ng6 30. Rf6 e5 31. Rd6 Nf4 32. Bg4 h5 33. Bf3 Bc6 34.
Bxf4 exf4 35. Bxd5 Bxd5 36. Rxd5 Kg6 37. Rd4 b5 38. Rxf4 Rc8 39. Rf1 Rc6 40.
Kf2 Ra6 41. Ra1 Ra4 42. Ke3 Kg5 43. Rb1 a6 44. Ra1 Kg4 45. Ke4 h4 46. Ke3 Ra5
47. Ra2 1/2-1/2

[Event "16MCR_F"]
[Site "?"]
[Date "2004.??.??"]
[Round "?"]
[White "Styblo, Pavel"]
[Black "Masek, Jan"]
[Result "1/2-1/2"]
[WhiteElo "2320"]
[BlackElo "2365"]
[PlyCount "49"]
[EventDate "2004.04.27"]
[EventType "corr"]
[EventRounds "1"]
[SourceDate "2004.04.27"]

1. d4 Nf6 2. c4 c5 3. d5 b5 4. cxb5 a6 5. bxa6 e6 6. Nc3 Nxd5 7. Nxd5 exd5 8.
Qxd5 Nc6 9. e3 Be7 10. Nf3 O-O 11. Bd2 Qb6 12. Bc3 d6 13. Be2 Bxa6 14. Bxa6
Qxa6 15. a3 Nb4 16. Bxb4 cxb4 17. Qd2 Bf6 18. Rd1 bxa3 19. bxa3 Rfb8 20. g3 Rb2
21. Qd3 Qxd3 22. Rxd3 Rb1+ 23. Rd1 Rxd1+ 24. Kxd1 Rxa3 25. Ke2 1/2-1/2

[Event "16MCR_F"]
[Site "?"]
[Date "2004.??.??"]
[Round "?"]
[White "Zidu, Jan"]
[Black "Straka, Zdenek"]
[Result "1/2-1/2"]
[WhiteElo "2310"]
[BlackElo "2395"]
[PlyCount "113"]
[EventDate "2004.04.27"]
[EventType "corr"]
[EventRounds "1"]
[SourceDate "2004.04.27"]

1. e4 e5 2. Nf3 Nc6 3. Bb5 a6 4. Ba4 Nf6 5. O-O Be7 6. Re1 b5 7. Bb3 d6 8. c3
O-O 9. h3 Bb7 10. d4 Re8 11. Ng5 Rf8 12. Nf3 Re8 13. Nbd2 Bf8 14. d5 Nb8 15.
Nf1 Nbd7 16. Ng3 h6 17. Nf5 Kh7 18. Be3 Nc5 19. Nd2 Nxb3 20. Qxb3 Qd7 21. Ng3
c6 22. c4 Rab8 23. dxc6 Bxc6 24. Qd3 bxc4 25. Nxc4 Kg8 26. Red1 Qe6 27. Nb6
Red8 28. Nd5 Bb5 29. Qb1 Nxd5 30. exd5 Qe7 31. Nf5 Qf6 32. Ng3 Rdc8 33. b3 g6
34. Rc1 Qd8 35. Ne4 Rxc1+ 36. Qxc1 f5 37. Nc3 f4 38. Bd2 Bd3 39. Qd1 Bf5 40.
Qe2 Qb6 41. Rd1 Rc8 42. Kh2 Be7 43. Be1 Kh7 44. f3 g5 45. Bf2 Qb7 46. Ne4 Kg7
47. Qd2 h5 48. g3 Qc7 49. gxf4 gxf4 50. Qe2 Qc2 51. Rd2 Qb1 52. Rd1 Rc1 53.
Rxc1 Qxc1 54. a4 Kf7 55. a5 Kg8 56. Qxa6 Qd1 57. Qb5 1/2-1/2

[Event "16MCR_F"]
[Site "?"]
[Date "2004.??.??"]
[Round "?"]
[White "Priesol, Daniel"]
[Black "Trexler, Evzen"]
[Result "1/2-1/2"]
[WhiteElo "2305"]
[BlackElo "2400"]
[PlyCount "37"]
[EventDate "2004.04.27"]
[EventType "corr"]
[EventRounds "1"]
[SourceDate "2004.04.27"]

1. e4 e5 2. Nf3 Nf6 3. d4 Nxe4 4. Bd3 d5 5. Nxe5 Nd7 6. Nxd7 Bxd7 7. O-O Bd6 8.
c4 c6 9. Nc3 Nxc3 10. bxc3 O-O 11. cxd5 cxd5 12. Qh5 f5 13. Qf3 Kh8 14. Bf4 Qc7
15. Bxd6 Qxd6 16. Rfe1 Rac8 17. Bc2 Rfe8 18. Bb3 Re4 19. Bc2 1/2-1/2

[Event "16MCR_F"]
[Site "?"]
[Date "2004.??.??"]
[Round "?"]
[White "Canibal, Jaromir"]
[Black "Hala, Martin"]
[Result "0-1"]
[WhiteElo "2300"]
[BlackElo "2410"]
[PlyCount "64"]
[EventDate "2004.04.27"]
[EventType "corr"]
[EventRounds "1"]
[SourceDate "2004.04.27"]

1. d4 Nf6 2. c4 g6 3. Nc3 Bg7 4. e4 d6 5. f3 O-O 6. Be3 c5 7. dxc5 dxc5 8. Qxd8
Rxd8 9. Bxc5 Nc6 10. Nd5 Nd7 11. Bxe7 Nxe7 12. Nxe7+ Kf8 13. Nd5 Bxb2 14. Rb1
Bg7 15. Nh3 Nc5 16. Nf2 Be6 17. Nd3 Rac8 18. h4 Na4 19. N3f4 Nb2 20. g3 Nxc4
21. Nxe6+ fxe6 22. Bxc4 Rxc4 23. Nf4 Bc3+ 24. Kf1 Rd2 25. h5 e5 26. Ne2 Bb2 27.
hxg6 hxg6 28. Rh7 Rcc2 29. Re1 Bd4 30. Rd7 Ke8 31. Rxb7 Bb6 32. a4 Rd3 0-1

[Event "16MCR_F"]
[Site "?"]
[Date "2004.??.??"]
[Round "?"]
[White "Viktora, Zdenek"]
[Black "Dotlacil, Ladislav"]
[Result "1-0"]
[WhiteElo "2285"]
[BlackElo "2410"]
[PlyCount "44"]
[EventDate "2004.04.27"]
[EventType "corr"]
[EventRounds "1"]
[SourceDate "2004.04.27"]

1. e4 c6 2. d4 d5 3. e5 c5 4. dxc5 Nc6 5. Bb5 e6 6. Be3 Nge7 7. c3 Bd7 8. Bxc6
Nxc6 9. f4 g5 10. fxg5 Nxe5 11. Nf3 Nxf3+ 12. Qxf3 Qc7 13. O-O O-O-O 14. b4 Bg7
15. Bf4 e5 16. Bg3 Be6 17. Na3 a6 18. Rae1 d4 19. Qd3 dxc3 20. Qxc3 Bxa2 21.
Nc4 Bxc4 22. Qxc4 Rhf8 1-0

[Event "16MCR_F"]
[Site "?"]
[Date "2004.??.??"]
[Round "?"]
[White "Mezera, Lukas"]
[Black "Hybl, Jaroslav"]
[Result "1/2-1/2"]
[WhiteElo "2260"]
[BlackElo "2430"]
[PlyCount "43"]
[EventDate "2004.04.27"]
[EventType "corr"]
[EventRounds "1"]
[SourceDate "2004.04.27"]

1. d4 Nf6 2. c4 g6 3. Nc3 d5 4. cxd5 Nxd5 5. e4 Nxc3 6. bxc3 Bg7 7. Nf3 c5 8.
Be3 Qa5 9. Qd2 Nc6 10. Rc1 cxd4 11. cxd4 Qxd2+ 12. Kxd2 O-O 13. d5 Rd8 14. Ke1
Na5 15. Bg5 Bd7 16. Bd3 Rdc8 17. Ke2 e6 18. Be3 exd5 19. exd5 b5 20. Nd2 a6 21.
Ne4 Nc4 22. Bxc4 1/2-1/2

[Event "16MCR_F"]
[Site "?"]
[Date "2004.??.??"]
[Round "?"]
[White "Pospisil, Ludvik"]
[Black "Boukal, Petr"]
[Result "0-1"]
[WhiteElo "2445"]
[BlackElo "2435"]
[PlyCount "102"]
[EventDate "2004.04.27"]
[EventType "corr"]
[EventRounds "1"]
[SourceDate "2004.04.27"]

1. e4 e6 2. d4 d5 3. e5 c5 4. c3 Nc6 5. a3 Qb6 6. Nf3 c4 7. Nbd2 Na5 8. Be2 Bd7
9. O-O Ne7 10. Rb1 h6 11. Qc2 O-O-O 12. b3 cxb3 13. Nxb3 Nxb3 14. Rxb3 Ba4 15.
Rxb6 Bxc2 16. Rb2 Ba4 17. Be3 Nc6 18. Nd2 Rd7 19. f4 Na5 20. f5 Rc7 21. Nb1
exf5 22. Rxf5 Be8 23. Bc1 Nc4 24. Ra2 Be7 25. a4 Kd8 26. Bd3 a5 27. Rf3 Rf8 28.
Rg3 g5 29. Rf3 Bd7 30. Nd2 Nb6 31. Bb5 g4 32. Rf1 Rxc3 33. Nb1 Rb3 34. Bxh6 Rh8
35. Bd2 Bxb5 36. axb5 Nc4 37. Bxa5+ Kd7 38. Nd2 Nxa5 39. Rxa5 Rd3 40. Ra7 Rb8
41. Ra2 Ke6 42. Kh1 Bg5 43. Nb1 Be3 44. Re2 Bxd4 45. Rf6+ Ke7 46. Re1 Rh8 47.
Rf4 g3 48. h3 Bf2 49. Rf1 Rh5 50. Ra4 Rxe5 51. Ra2 d4 0-1

[Event "16MCR_F"]
[Site "?"]
[Date "2004.??.??"]
[Round "?"]
[White "Hybl, Jaroslav"]
[Black "Pospisil, Ludvik"]
[Result "1/2-1/2"]
[WhiteElo "2430"]
[BlackElo "2445"]
[PlyCount "64"]
[EventDate "2004.04.27"]
[EventType "corr"]
[EventRounds "1"]
[SourceDate "2004.04.27"]

1. d4 d5 2. c4 e6 3. Nc3 c6 4. e3 Nf6 5. Nf3 Nbd7 6. Bd3 dxc4 7. Bxc4 b5 8. Bd3
a6 9. e4 c5 10. d5 c4 11. dxe6 fxe6 12. Bc2 Qc7 13. O-O Bb7 14. Ng5 Nc5 15. e5
Qxe5 16. Re1 Qd6 17. Qxd6 Bxd6 18. Be3 O-O 19. Rad1 Be7 20. Bxc5 Bxc5 21. Nxe6
Rfc8 22. Nxc5 Rxc5 23. f3 Kf7 24. Kf2 Re8 25. Rxe8 Kxe8 26. a3 Ke7 27. h4 h6
28. g4 g5 29. Re1+ Kd6 30. Rd1+ Ke7 31. Re1+ Kd6 32. Rd1+ Ke7 1/2-1/2

[Event "16MCR_F"]
[Site "?"]
[Date "2004.??.??"]
[Round "?"]
[White "Dotlacil, Ladislav"]
[Black "Mezera, Lukas"]
[Result "0-1"]
[WhiteElo "2410"]
[BlackElo "2260"]
[PlyCount "72"]
[EventDate "2004.04.27"]
[EventType "corr"]
[EventRounds "1"]
[SourceDate "2004.04.27"]

1. d4 Nf6 2. Nf3 e6 3. Bg5 c5 4. e3 Qb6 5. Qc1 Ne4 6. Bf4 Nc6 7. c3 d5 8. Bd3
Bd7 9. O-O Rc8 10. Nbd2 f5 11. Ne5 g5 12. Nxd7 Kxd7 13. Be5 Nxe5 14. dxe5 Kc7
15. c4 Kb8 16. f3 Nxd2 17. Qxd2 Bg7 18. f4 Rcd8 19. Qe2 d4 20. e4 fxe4 21. Qxe4
gxf4 22. Rxf4 Rd7 23. b3 Qc7 24. Re1 h5 25. Re2 Bh6 26. Rf6 Be3+ 27. Kh1 Qa5
28. Rc2 h4 29. Qg4 Re7 30. Qg6 h3 31. gxh3 a6 32. Rg2 Ka7 33. Rf3 Qc3 34. Rc2
Qb4 35. Rg2 Ree8 36. Qf7 Rhf8 0-1

[Event "16MCR_F"]
[Site "?"]
[Date "2004.??.??"]
[Round "?"]
[White "Hala, Martin"]
[Black "Viktora, Zdenek"]
[Result "1/2-1/2"]
[WhiteElo "2410"]
[BlackElo "2285"]
[PlyCount "43"]
[EventDate "2004.04.27"]
[EventType "corr"]
[EventRounds "1"]
[SourceDate "2004.04.27"]

1. e4 e5 2. Nf3 Nc6 3. Bb5 a6 4. Ba4 Nf6 5. O-O Be7 6. Re1 b5 7. Bb3 d6 8. c3
O-O 9. h3 Na5 10. Bc2 c5 11. d4 Qc7 12. Nbd2 Rb8 13. Nf1 Nc4 14. b3 Nb6 15. Ng3
Bd7 16. Be3 Rfc8 17. Rc1 a5 18. Nh4 Ng4 19. Nhf5 Bxf5 20. Nxf5 Nxe3 21. fxe3
Bf8 22. Bd3 1/2-1/2

[Event "16MCR_F"]
[Site "?"]
[Date "2004.??.??"]
[Round "?"]
[White "Trexler, Evzen"]
[Black "Canibal, Jaromir"]
[Result "1/2-1/2"]
[WhiteElo "2400"]
[BlackElo "2300"]
[PlyCount "100"]
[EventDate "2004.04.27"]
[EventType "corr"]
[EventRounds "1"]
[SourceDate "2004.04.27"]

1. e4 e5 2. Nf3 Nc6 3. Bb5 a6 4. Ba4 Nf6 5. O-O Be7 6. Re1 b5 7. Bb3 O-O 8. c3
d5 9. exd5 Nxd5 10. Nxe5 Nxe5 11. Rxe5 c6 12. d4 Bd6 13. Re1 Qh4 14. g3 Qh3 15.
Be3 Ra7 16. a4 Rb7 17. Bxd5 cxd5 18. axb5 Rxb5 19. b4 Bg4 20. Qd3 Bf3 21. Qf1
Qc8 22. Nd2 Bg4 23. Rac1 Bh3 24. Qe2 Bg4 25. f3 Bd7 26. Nb3 Re8 27. Qd2 Rb6 28.
Nc5 Bb5 29. Kg2 Qf5 30. g4 Qc8 31. Bf4 Bf8 32. Rxe8 Qxe8 33. Re1 Qc8 34. h4
Bxc5 35. dxc5 Re6 36. h5 Rxe1 37. Qxe1 Qe8 38. Qd2 h6 39. Be3 Qe6 40. Bd4 f6
41. Kf2 Kf7 42. Be3 Qe5 43. Bf4 Qe6 44. Qc2 Kf8 45. Bg3 Kg8 46. Kg2 Bd7 47. Qd3
Bb5 48. Qd2 Bc6 49. Qf4 Bb5 50. Bf2 Kf7 1/2-1/2

[Event "16MCR_F"]
[Site "?"]
[Date "2004.??.??"]
[Round "?"]
[White "Straka, Zdenek"]
[Black "Priesol, Daniel"]
[Result "1-0"]
[WhiteElo "2395"]
[BlackElo "2305"]
[PlyCount "71"]
[EventDate "2004.04.27"]
[EventType "corr"]
[EventRounds "1"]
[SourceDate "2004.04.27"]

1. d4 Nf6 2. c4 e6 3. Nf3 d5 4. Nc3 c5 5. cxd5 Nxd5 6. e4 Nxc3 7. bxc3 cxd4 8.
cxd4 Bb4+ 9. Bd2 Bxd2+ 10. Qxd2 O-O 11. Bc4 Nc6 12. O-O b6 13. Rac1 Bb7 14. d5
Na5 15. Bd3 exd5 16. e5 h6 17. Qf4 Nc6 18. Qf5 g6 19. Qg4 Kg7 20. Rfe1 Rc8 21.
h4 Re8 22. e6 h5 23. Qg3 Qf6 24. exf7 Kxf7 25. Bb5 Re7 26. Bxc6 Rxc6 27. Rxe7+
Kxe7 28. Re1+ Kd8 29. Qb8+ Bc8 30. Qxa7 Rc7 31. Qb8 Kd7 32. Qa8 Rc5 33. Qa7+
Kd8 34. Ng5 Rc7 35. Qa8 Rc6 36. a4 1-0

[Event "16MCR_F"]
[Site "?"]
[Date "2004.??.??"]
[Round "?"]
[White "Masek, Jan"]
[Black "Zidu, Jan"]
[Result "1/2-1/2"]
[WhiteElo "2365"]
[BlackElo "2310"]
[PlyCount "60"]
[EventDate "2004.04.27"]
[EventType "corr"]
[EventRounds "1"]
[SourceDate "2004.04.27"]

1. e4 c5 2. c3 Nf6 3. e5 Nd5 4. d4 cxd4 5. Nf3 Nc6 6. cxd4 d6 7. Bc4 Nb6 8. Bb5
dxe5 9. Nxe5 Bd7 10. Bxc6 Bxc6 11. Nxc6 bxc6 12. O-O g6 13. Re1 Bg7 14. Bg5 O-O
15. Bxe7 Qxd4 16. Qxd4 Bxd4 17. Nd2 Rfe8 18. Ba3 Bg7 19. Kf1 Rad8 20. Rxe8+
Rxe8 21. Re1 Rxe1+ 22. Kxe1 f5 23. Ke2 Kf7 24. Kd3 Ke6 25. Nc4 Nd5 26. g3 g5
27. Bc5 a6 28. a3 g4 29. b4 Nc7 30. Bd4 Bf8 1/2-1/2

[Event "16MCR_F"]
[Site "?"]
[Date "2004.??.??"]
[Round "?"]
[White "Krouzel, Jaroslav"]
[Black "Styblo, Pavel"]
[Result "1/2-1/2"]
[WhiteElo "2360"]
[BlackElo "2320"]
[PlyCount "48"]
[EventDate "2004.04.27"]
[EventType "corr"]
[EventRounds "1"]
[SourceDate "2004.04.27"]

1. d4 Nf6 2. c4 c5 3. d5 e6 4. Nc3 exd5 5. cxd5 d6 6. e4 g6 7. f4 Bg7 8. Bb5+
Nfd7 9. a4 O-O 10. Nf3 Na6 11. O-O Nc7 12. Bc4 a6 13. Re1 Re8 14. h3 Rb8 15. e5
b5 16. axb5 Nxb5 17. e6 Nf6 18. exf7+ Kxf7 19. Ng5+ Kg8 20. Be3 Nd4 21. Bxd4
cxd4 22. Qxd4 Rxe1+ 23. Rxe1 Rxb2 24. Ne6 Qb6 1/2-1/2

[Event "16MCR_F"]
[Site "?"]
[Date "2004.??.??"]
[Round "?"]
[White "Stalmach, Kamil"]
[Black "Makovsky, Petr"]
[Result "1-0"]
[WhiteElo "2360"]
[BlackElo "2325"]
[PlyCount "83"]
[EventDate "2004.04.27"]
[EventType "corr"]
[EventRounds "1"]
[SourceDate "2004.04.27"]

1. e4 e5 2. Nf3 Nc6 3. d4 exd4 4. Nxd4 Bc5 5. Nxc6 Qf6 6. Qd2 dxc6 7. Nc3 Be6
8. Na4 Rd8 9. Bd3 Bd4 10. O-O b5 11. c3 Be5 12. Nc5 Bxh2+ 13. Kxh2 Qe5+ 14. Qf4
Qxc5 15. Be2 Ne7 16. Qxc7 Qd6+ 17. Qxd6 Rxd6 18. a4 b4 19. Be3 bxc3 20. bxc3
Nc8 21. Rab1 Rd8 22. Bc5 Nb6 23. Bxb6 axb6 24. Rxb6 Ke7 25. Rxc6 Rd2 26. Bb5
Rhd8 27. f4 Rc8 28. Rxc8 Bxc8 29. Bc4 Rc2 30. Rf3 Be6 31. Bxe6 fxe6 32. Rd3 h6
33. Kg3 g5 34. fxg5 hxg5 35. Kf3 Kf6 36. c4 Rxc4 37. Ra3 Rc6 38. a5 Ra6 39. Kg4
Kg6 40. e5 Kh6 41. Kf3 Kg6 42. Ke4 1-0

[Event "16MCR_F"]
[Site "?"]
[Date "2004.??.??"]
[Round "?"]
[White "Styblo, Pavel"]
[Black "Stalmach, Kamil"]
[Result "0-1"]
[WhiteElo "2320"]
[BlackElo "2360"]
[PlyCount "86"]
[EventDate "2004.04.27"]
[EventType "corr"]
[EventRounds "1"]
[SourceDate "2004.04.27"]

1. d4 d5 2. c4 e6 3. Nc3 c6 4. Nf3 dxc4 5. a4 Bb4 6. e3 b5 7. Bd2 a5 8. axb5
Bxc3 9. Bxc3 cxb5 10. b3 Bb7 11. d5 Nf6 12. bxc4 b4 13. Bxf6 Qxf6 14. Qa4+ Nd7
15. Nd4 e5 16. Nb3 Ke7 17. Be2 Rhc8 18. Bg4 Qd6 19. Nxa5 Rc5 20. Nxb7 Rxa4 21.
Rxa4 Qg6 22. O-O Qxg4 23. Nxc5 Nxc5 24. Rxb4 Qe2 25. h3 g6 26. Ra1 Ne4 27. Rf1
Kf6 28. Rb6+ Kg7 29. Rc6 Nd2 30. Ra1 Nb3 31. Rf1 Na5 32. Rc8 Nxc4 33. Ra1 Nd6
34. Rca8 Qd2 35. R8a2 Qxd5 36. Ra5 Qe4 37. R5a4 Qf5 38. R1a2 h5 39. Ra1 g5 40.
Ra6 Ne4 41. Rf1 g4 42. hxg4 hxg4 43. Ra2 Qh5 0-1

[Event "16MCR_F"]
[Site "?"]
[Date "2004.??.??"]
[Round "?"]
[White "Zidu, Jan"]
[Black "Krouzel, Jaroslav"]
[Result "1/2-1/2"]
[WhiteElo "2310"]
[BlackElo "2360"]
[PlyCount "52"]
[EventDate "2004.04.27"]
[EventType "corr"]
[EventRounds "1"]
[SourceDate "2004.04.27"]

1. e4 e6 2. d4 d5 3. Nd2 Nc6 4. Ngf3 Nf6 5. e5 Nd7 6. Nb3 Be7 7. Bb5 a5 8. a4
Na7 9. Be2 b6 10. h4 c5 11. h5 h6 12. Rh3 c4 13. Nbd2 O-O 14. Nf1 f6 15. Rg3
Kh7 16. exf6 Nxf6 17. c3 Bd6 18. Qc2+ Kh8 19. Rg6 Ng8 20. g4 Ne7 21. Bxh6 Nxg6
22. Bxg7+ Kxg7 23. Qxg6+ Kh8 24. Qh6+ Kg8 25. Qg6+ Kh8 26. Qh6+ Kg8 1/2-1/2

[Event "16MCR_F"]
[Site "?"]
[Date "2004.??.??"]
[Round "?"]
[White "Priesol, Daniel"]
[Black "Masek, Jan"]
[Result "1/2-1/2"]
[WhiteElo "2305"]
[BlackElo "2365"]
[PlyCount "91"]
[EventDate "2004.04.27"]
[EventType "corr"]
[EventRounds "1"]
[SourceDate "2004.04.27"]

1. e4 e5 2. Nf3 Nc6 3. d4 exd4 4. Nxd4 Bb4+ 5. c3 Bc5 6. Be3 Bb6 7. Nf5 Bxe3 8.
Nxe3 Nf6 9. f3 O-O 10. c4 d6 11. Nc3 Nd7 12. Qd2 Nc5 13. Be2 a5 14. O-O Bd7 15.
f4 Nb4 16. Bf3 Bc6 17. Rad1 Re8 18. a3 Nba6 19. Qc2 Bd7 20. Rfe1 Qh4 21. g3 Qh6
22. Ncd5 Qg6 23. Nf5 Kf8 24. b3 Rad8 25. Qb1 Be6 26. Nxc7 Nxc7 27. Nxd6 Bg4 28.
Nxe8 Rxd1 29. Bxd1 Nxe8 30. Bxg4 Qxg4 31. b4 axb4 32. axb4 Ne6 33. Qd1 Qxd1 34.
Rxd1 Ke7 35. e5 g6 36. Kf2 f6 37. exf6+ Nxf6 38. h3 Nd8 39. Re1+ Kd6 40. Kf3
Nc6 41. Rd1+ Ke7 42. b5 Nd8 43. c5 Ne6 44. c6 bxc6 45. bxc6 Nc7 46. g4 1/2-1/2